Entrepreneur magazine : (Record no. 276615)
[ view plain ]
| 000 -LEADER | |
|---|---|
| fixed length control field | 00368nam a2200121 a 4500 |
| 005 - DATE AND TIME OF LATEST TRANSACTION | |
| control field | 20141022142008.0 |
| 008 - FIXED-LENGTH DATA ELEMENTS--GENERAL INFORMATION | |
| fixed length control field | 120228s19uu xx 00 eng d |
| 050 ## - LIBRARY OF CONGRESS CALL NUMBER | |
| Classification number | CD-ROM |
| Item number | Ste4 2007 |
| 100 ## - MAIN ENTRY--PERSONAL NAME | |
| Personal name | Stern, Rod W. |
| 245 ## - TITLE STATEMENT | |
| Title | Entrepreneur magazine : |
| Remainder of title | legal guide estate planning, wills and trusts essential legal forms / |
| Statement of responsibility, etc | Rod Stern. |
| 260 ## - PUBLICATION, DISTRIBUTION, ETC. (IMPRINT) | |
| Date of publication, distribution, etc | 2007. |
| 942 ## - ADDED ENTRY ELEMENTS (KOHA) | |
| Koha item type | Audio Visual Materials |
| Withdrawn status | Lost status | Damaged status | Home library | Current library | Shelving location | Date acquired | Total Checkouts | Full call number | Barcode | Date last seen | Price effective from | Koha item type |
|---|---|---|---|---|---|---|---|---|---|---|---|---|
| College Library | College Library | Audio Visual Material Section | 02/28/2012 | CD-ROM Ste4 2007 | BSBA0025 | 04/12/2014 | 04/12/2014 | Audio Visual Materials |